Topological groups

Uloženo v:
Podrobná bibliografie
Hlavní autor: Pontryagin, L. S (Autor)
Médium: Kniha
Jazyk:angličtina
Vydáno: Nueva York Gordon and Breach 1966
Vydání:2a. ed
Edice:Russian Monogrphs and Texts on Advanced Mathematics and Physics
Témata:
Tagy: Přidat tag
Žádné tagy, Buďte první, kdo vytvoří štítek k tomuto záznamu!

MARC

LEADER 00000cam a2200000 a 4500
001 UCF2320
003 CL-VaPUC
008 120817e19660000US |||||||||||||||||eng|d
082 0 4 |a 512.55  |b PON  |2 21 
100 0 |a Pontryagin, L. S  |e author  |9 563916 
245 1 0 |a Topological groups 
250 |a 2a. ed 
300 |a 543 p 
942 |c BK 
945 |d 20120817 00:00:00  |a dcastane 
260 |a Nueva York  |b Gordon and Breach  |c 1966 
650 7 |a GRUPOS TOPOLOGICOS  |2 CL-VaPUC  |9 270584 
583 |a last modification  |c 20120817 11:35:00  |k Rodrigo Vera 
490 0 |a Russian Monogrphs and Texts on Advanced Mathematics and Physics 
999 |c 348892  |d 348890 
952 |0 0  |1 0  |4 0  |6 512_550000000000000_PON_1966  |7 0  |8 A  |9 451162  |a BIBMAT  |b BIBMAT  |d 2019-11-22  |i 4889533  |o 512.55 PON 1966  |p 4889533  |r 2025-01-07  |w 2019-11-22  |y BK  |k MAT